000 01111nam a2200325 a 4500
001
003 DO-SdBNP
005 20210921140226.0
008 181112s2017 dr 000 spa d
020 _a9789993475309
040 _aDO-SdBNP
_bspa
_cBPMSU
041 1 7 _aeng
_dspa
082 _aRD861.44
_bM433h 2017
_222
100 1 _aMatos, Juan
_d1955-
245 1 0 _aThe man who left =
_bEl hombre que fue /
_cJuan Matos ; editor Miguel Collado ; traductor Rhina P. Espaillat ...[et. al]
246 1 3 _aEl hombre que se fue
260 _aSanto Domingo :
_bCEDIBIL,
_c2017.
300 _a221 p. ;
_c22. 5 cm.
490 0 _aCalímaco;
_aPoesía
_v34/3
500 _aIncluye datos biográficos del autor en la solapa de la cubierta
500 _aObra en dos idiomas
590 _aInventariado, 2021/VM
650 4 _aPoesía dominicna
_vcolecciones
650 4 _aLiteratura dominicana
_vColecciones
700 1 _aEspaillat, Rhina P.
_etr.
_d1932-
700 1 _aCollado, Miguel
_eed.
710 2 _aCentro Dominicano de Investigaciones Bibliográficas
910 _aVMateo V.
942 _2ddc
_cBK
999 _c13735
_d13735